Evaluation : A systematic approach
This most successful, comprehensive textbook achieves its fourth edition with substantially updated examples and references. Rich in detail, this edition has been reorganized to better reflect the way evaluation is practised.
Na minha lista:
| Autor principal: | |
|---|---|
| Formato: | Livro |
| Idioma: | Undetermined |
| Publicado em: |
Newbury Park, Calif.
Sage Publications
1989
|
| Assuntos: | |
| Tags: |
Adicionar Tag
Sem tags, seja o primeiro a adicionar uma tag!
|
| Thư viện lưu trữ: | Trung tâm Học liệu Trường Đại học Cần Thơ |
|---|
| LEADER | 00880nam a2200205Ia 4500 | ||
|---|---|---|---|
| 001 | CTU_186535 | ||
| 008 | 210402s9999 xx 000 0 und d | ||
| 082 | |a 361.61072 | ||
| 082 | |b R831 | ||
| 100 | |a Rossi, Peter H. | ||
| 245 | 0 | |a Evaluation : | |
| 245 | 2 | |b A systematic approach | |
| 245 | 0 | |c Peter H. Rossi, Howard E. Freeman | |
| 260 | |a Newbury Park, Calif. | ||
| 260 | |b Sage Publications | ||
| 260 | |c 1989 | ||
| 520 | |a This most successful, comprehensive textbook achieves its fourth edition with substantially updated examples and references. Rich in detail, this edition has been reorganized to better reflect the way evaluation is practised. | ||
| 650 | |a Evaluation research (Social action programs),Nghiên cứu đánh giá (chương trình hoạt động Xã hội) | ||
| 910 | |a Hải | ||
| 980 | |a Trung tâm Học liệu Trường Đại học Cần Thơ | ||